ბათუმის შოთა რუსთაველის სახელმწიფო უნივერსიტეტის ბიბლიოთეკა

სიცოცხლისათვის (ბიბ.ჩანაწერი № 42838)

000 -LEADER
fixed length control field 00913nam a2200229Ia 4500
001 - CONTROL NUMBER
control field 9544
003 - CONTROL NUMBER IDENTIFIER
control field GE_BSU
008 - FIXED-LENGTH DATA ELEMENTS--GENERAL INFORMATION
fixed length control field 181216s||||||||xx |||||||||||||| ||und||
040 ## - CATALOGING SOURCE
Transcribing agency GE_BSU
080 ## - UNIVERSAL DECIMAL CLASSIFICATION NUMBER
Universal Decimal Classification number 821.353.1-32+821.353.1-94
100 ## - MAIN ENTRY--PERSONAL NAME
Personal name მეგრელიძე,ლიდია
245 ## - TITLE STATEMENT
Title სიცოცხლისათვის
245 ## - TITLE STATEMENT
Remainder of title მოთხრობები.ქრონიკები.დღიურები
245 ## - TITLE STATEMENT
Statement of responsibility, etc. რედ.გრ.ჩიქოვანი.მხატვ.შ.კუპრაშვილი
260 ## - PUBLICATION, DISTRIBUTION, ETC.
Place of publication, distribution, etc. თბილისი
260 ## - PUBLICATION, DISTRIBUTION, ETC.
Name of publisher, distributor, etc. ლიტერატურა და ხელოვნება
260 ## - PUBLICATION, DISTRIBUTION, ETC.
Date of publication, distribution, etc. 1964
300 ## - PHYSICAL DESCRIPTION
Extent 373გვ.1ფ.პორტრ.21სმ.
653 ## - INDEX TERM--UNCONTROLLED
Uncontrolled term მოთხრობები.ქრონიკები.დღიურები
653 ## - INDEX TERM--UNCONTROLLED
Uncontrolled term სიცოცხლისათვის
942 ## - ADDED ENTRY ELEMENTS (KOHA)
Koha item type წიგნი
ეგზემპლარები
Withdrawn status Lost status Damaged status Not for loan Date acquired Barcode Date last seen Price effective from Koha item type
        2018-12-17 32493 2018-12-17 2018-12-17 წიგნი